YOU CAN NEGOTIATE ANYTHING HOW TO GET WH (Record no. 5380)
[ view plain ]
| 000 -LEADER | |
|---|---|
| fixed length control field | 00319nam a2200121Ia 4500 |
| 008 - FIXED-LENGTH DATA ELEMENTS--GENERAL INFORMATION | |
| fixed length control field | 240624s9999 xx 000 0 und d |
| 041 ## - LANGUAGE CODE | |
| Language code of text/sound track or separate title | eng |
| 082 ## - DEWEY DECIMAL CLASSIFICATION NUMBER | |
| Classification number | 158.5 COH |
| 100 ## - MAIN ENTRY--PERSONAL NAME | |
| Personal name | COHEN HERB |
| 245 ## - TITLE STATEMENT | |
| Title | YOU CAN NEGOTIATE ANYTHING HOW TO GET WH |
| 260 ## - PUBLICATION, DISTRIBUTION, ETC. | |
| Place of publication, distribution, etc. | Mumbai |
| Name of publisher, distributor, etc. | Jaico Publishing House |
| 300 ## - PHYSICAL DESCRIPTION | |
| Extent | 192 : p. : cm. ; 18 |
| Withdrawn status | Lost status | Damaged status | Not for loan | Home library | Current library | Shelving location | Date acquired | Total Checkouts | Full call number | Barcode | Date last seen | Date last checked out | Price effective from | Koha item type |
|---|---|---|---|---|---|---|---|---|---|---|---|---|---|---|
| IMTN | IMTN | Rack 1-B | 06/02/2007 | 6 | 158.5 COH | 5380 | 01/17/2026 | 01/07/2026 | 06/24/2024 | Books |